Odvody poistného od 1. januára 2017

Odvody poistného na sociálne poistenie podľa zákona č. 461/2003 Z. z. o sociálnom poistení. Poistné na povinné sociálne poistenie zamestnanca a zamestnávateľa. Poistné na povinné sociálne poistenie samostatne zárobkovo činnej osoby (SZČO). Poistné na dobrovoľné sociálne poistenie. Poistné na sociáln...

Ausführliche Beschreibung

Gespeichert in:
Bibliographische Detailangaben
1. Verfasser: Gášpárová, Eva
Format: Buchkapitel
Sprache:Slowakisch
Schlagworte:
Tags: Tag hinzufügen
Keine Tags, Fügen Sie das erste Tag hinzu!

MARC

LEADER 00000naa a2200000 4500
001 0227238
005 20221104112021.3
041 0 |a slo 
044 |a SK 
245 1 0 |a Odvody poistného od 1. januára 2017  |c Eva Gášpárová 
520 |a Odvody poistného na sociálne poistenie podľa zákona č. 461/2003 Z. z. o sociálnom poistení. Poistné na povinné sociálne poistenie zamestnanca a zamestnávateľa. Poistné na povinné sociálne poistenie samostatne zárobkovo činnej osoby (SZČO). Poistné na dobrovoľné sociálne poistenie. Poistné na sociálne poistenie, ktoré platí štát a Sociálna poisťovňa. Odvody poistného na zdravotné poistenie podľa zákona č. 580/2004 Z. z. o zdravotnom poistení. 
610 2 0 |a odvody 
610 2 0 |a poistenie sociálne 
610 2 0 |a poistenie zdravotné 
610 2 0 |a preddavky 
610 2 0 |a poistné 
610 2 0 |a zamestnanci 
610 2 0 |a zamestnávatelia 
610 2 0 |a osoby samostatne zárobkovo činné 
610 2 0 |a štát 
610 2 0 |a poisťovne sociálne 
610 2 0 |a poisťovne zdravotné 
610 2 0 |a legislatíva 
100 1 |a Gášpárová, Eva